000 00606nam a22001937a 4500
999 _c169672
_d169672
005 20191128162707.0
010 _aUR-10637
020 _c93.00
_a9789383736770
035 _aU-9192
037 _bDBAD/PUB
_a-
082 _aک
100 _aغيا ث ا کمل
245 _aبيا با ں سے پہلے
_cغيا ث ا کمل
246 _bBayaban Se Pehle (Urdu)
_abyGayas Akmal
260 _aDelhi
_bEducational Publishing House
_c2019 ء
270 _a3191,Vakil Street, Kucha Pandit,Lal Kuan,
_bDelhi
_e110006
_k01123216162
_l-
300 _a136 ص
_c22 Cm(Hb)
942 _2ddc
_cUR
_hک
_mا ک م